[Event "DEM U10/U10w 2009"]
[Site "Willingen GER"]
[Date "2009.06.06"]
[Round "11"]
[White "Oelfke, Nils Lukas"]
[Black "Peter, Anton"]
[Result "1-0"]
[Termination "normal"]
[Board "17"]
[WhiteElo "1196"]
[BlackElo "1359"]
[PlyCount "83"]
[BlackFideId "12901660"]
[EventCountry "GER"]
[EventRounds "11"]
[EventType "swiss"]
[EventDate "2009.05.30"]

1. e4 e5 2. Nf3 d6 3. d4 exd4 4. Nxd4 Nf6 5. Nc3 Be7 6. Bf4 O-O 7. Qd2 Nbd7 8.
O-O-O Re8 9. f3 Nc5 10. Nf5 Bxf5 11. exf5 Qd7 12. g4 Qc6 13. Qf2 Nxg4 14. fxg4
a6 15. Bg2 Qb6 16. Be3 Bf6 17. Bxc5 dxc5 18. Rd5 Bd4 19. Qh4 Be3+ 20. Kb1 Bd4
21. Ka1 Qa5 22. Nb1 Qb6 23. c3 Bf6 24. Qf2 Be7 25. Re1 Bd6 26. h3 Kf8 27. Nd2
h6 28. Ne4 Re7 29. Nxd6 Rxe1+ 30. Qxe1 cxd6 31. Qd2 Rd8 32. Kb1 Ke7 33. Qc2 Kd7
34. Qb3 Qc7 35. Rd2 Kc8 36. Bd5 Rd7 37. Re2 Kd8 38. Qc4 f6 39. Qe4 Re7 40.
Qxe7+ Qxe7 41. Rxe7 Kxe7 42. Bxb7 1-0

[Event "DEM U10/U10w 2009"]
[Site "Willingen GER"]
[Date "2009.06.06"]
[Round "11"]
[White "Schmidt, Tobias"]
[Black "Rost, Henning"]
[Result "1-0"]
[Termination "normal"]
[Board "18"]
[WhiteElo "1205"]
[BlackElo "880"]
[PlyCount "111"]
[WhiteFideId "1271683"]
[EventCountry "GER"]
[EventRounds "11"]
[EventType "swiss"]
[EventDate "2009.05.30"]

1. e4 d5 2. exd5 Qxd5 3. Nf3 Bg4 4. Be2 Nf6 5. d4 e6 6. c4 Qd6 7. Nc3 Nc6 8.
Be3 Be7 9. O-O O-O 10. h3 Bh5 11. Ng5 Bxe2 12. Nxe2 h6 13. Nf3 Rad8 14. Qc2 e5
15. d5 Nb4 16. Qb3 a5 17. a3 e4 18. Ne1 Nd3 19. Nxd3 exd3 20. Qxd3 c6 21. a4
cxd5 22. cxd5 Qxd5 23. Qxd5 Nxd5 24. Bd2 Bb4 25. Bxb4 Nxb4 26. Rfd1 Rfe8 27.
Nc3 b6 28. Kf1 Kf8 29. Rxd8 Rxd8 30. Ke2 Ke7 31. Rd1 Rxd1 32. Nxd1 Kd6 33. Kd2
Kd5 34. Ne3+ Ke4 35. Nc4 Nd3 36. Nd6+ Kd4 37. Nf5+ Kc4 38. b3+ Kxb3 39. Kxd3
Kxa4 40. Kc2 b5 41. Nxg7 Ka3 42. Kb1 Kb3 43. Nf5 Kc3 44. Nxh6 b4 45. Nxf7 a4
46. Nd6 a3 47. Nb5+ Kc4 48. Nxa3+ bxa3 49. Ka2 Kd4 50. Kxa3 Ke5 51. Kb4 Kf5 52.
g4+ Kg5 53. Kc5 Kf4 54. Kd5 Kg5 55. Ke5 Kh4 56. Kf5 1-0

[Event "DEM U10/U10w 2009"]
[Site "Willingen GER"]
[Date "2009.06.06"]
[Round "11"]
[White "Paulsen, Alexej"]
[Black "Kempe, Anne"]
[Result "1-0"]
[Termination "normal"]
[Board "19"]
[WhiteElo "1549"]
[BlackElo "1168"]
[PlyCount "97"]
[WhiteFideId "24662372"]
[BlackFideId "12918083"]
[EventCountry "GER"]
[EventRounds "11"]
[EventType "swiss"]
[EventDate "2009.05.30"]

1. e4 c5 2. Nf3 d6 3. d4 cxd4 4. Nxd4 Nf6 5. Nc3 g6 6. Be2 Bg7 7. Be3 Nc6 8.
O-O O-O 9. h3 Nxd4 10. Bxd4 Be6 11. f4 Qc8 12. Kh2 Rd8 13. Qe1 Rf8 14. Qf2 Qc7
15. Kh1 Bc8 16. Bd3 Nd7 17. Nd5 Qd8 18. Bxg7 Kxg7 19. Qd4+ Kg8 20. f5 Ne5 21.
f6 e6 22. Ne7+ Kh8 23. Qe3 Nd7 24. Qf3 Re8 25. g4 Rf8 26. g5 h5 27. Be2 Re8 28.
Qg3 Rxe7 29. fxe7 Qxe7 30. h4 Kg8 31. Rad1 e5 32. Bc4 Nc5 33. Rxf7 Qxf7 34.
Bxf7+ Kxf7 35. Rxd6 Nxe4 36. Qf3+ Bf5 37. Qb3+ Kf8 38. Rd5 Re8 39. Qb4+ Kg7 40.
Qxb7+ Kf8 41. Qb4+ Kg8 42. Qc4 Kf8 43. Qc7 Re7 44. Qb8+ Kf7 45. Rxe5 Rd7 46.
Qe8+ Kg7 47. Re7+ Rxe7 48. Qxe7+ Kg8 49. Qxa7 1-0

[Event "DEM U10/U10w 2009"]
[Site "Willingen GER"]
[Date "2009.06.06"]
[Round "11"]
[White "Berdin, Victoria"]
[Black "Kollars, Dmitrij"]
[Result "0-1"]
[Termination "normal"]
[Board "20"]
[WhiteElo "1137"]
[BlackElo "1465"]
[PlyCount "108"]
[BlackFideId "12909572"]
[EventCountry "GER"]
[EventRounds "11"]
[EventType "swiss"]
[EventDate "2009.05.30"]

1. e4 c5 2. c3 d5 3. exd5 Qxd5 4. d4 Nf6 5. Nf3 Bg4 6. Be2 cxd4 7. Nxd4 Qxg2 8.
Bf3 Bxf3 9. Qxf3 Qxf3 10. Nxf3 Nc6 11. Bf4 O-O-O 12. Nbd2 e6 13. Ng5 Rd7 14.
O-O-O h6 15. Ngf3 Nd5 16. Bg3 b5 17. Nb3 a6 18. Nbd4 Nxd4 19. Rxd4 Bc5 20. Rd2
Nb6 21. b4 Rxd2 22. Nxd2 Be7 23. Ne4 Rd8 24. Nc5 Bxc5 25. bxc5 Nc4 26. c6 Nd6
27. Rg1 g6 28. Be5 Kc7 29. Bf6 Rc8 30. Be5 Kxc6 31. Bxd6 Kxd6 32. Rd1+ Ke7 33.
Kb2 Rd8 34. Rf1 Rd2+ 35. Kb3 Kd6 36. h4 Rd3 37. f3 a5 38. a3 Kc5 39. h5 g5 40.
Re1 a4+ 41. Kc2 Rxf3 42. Re5+ Kb6 43. Kb2 Rf2+ 44. Kc1 Ra2 45. Re4 Rh2 46. c4
bxc4 47. Rxc4 Kb5 48. Rc7 f5 49. Re7 Rxh5 50. Rxe6 f4 51. Re5+ Kc4 52. Re2 Kb3
53. Kb1 Rh1+ 54. Re1 Rxe1# 0-1

[Event "DEM U10/U10w 2009"]
[Site "Willingen GER"]
[Date "2009.06.06"]
[Round "11"]
[White "Fieberg, Samuel"]
[Black "Spitzl, Vinzent"]
[Result "1-0"]
[Termination "normal"]
[Board "21"]
[WhiteElo "1125"]
[BlackElo "1382"]
[PlyCount "51"]
[WhiteFideId "12901717"]
[BlackFideId "12901253"]
[EventCountry "GER"]
[EventRounds "11"]
[EventType "swiss"]
[EventDate "2009.05.30"]

1. e4 e5 2. Nf3 Nf6 3. Nxe5 d6 4. Nxf7 Kxf7 5. d4 Be7 6. Nc3 Re8 7. Bc4+ Kf8 8.
O-O Bg4 9. f3 Bh5 10. g4 Bf7 11. Bxf7 Kxf7 12. f4 Kg8 13. g5 Nfd7 14. Qg4 Nb6
15. f5 Qd7 16. Qh5 Rf8 17. Be3 d5 18. Rf3 dxe4 19. Nxe4 Bb4 20. Raf1 Qe8 21. g6
h6 22. Qh4 N8d7 23. Rh3 Nd5 24. Bxh6 Qe7 25. Bg5 N7f6 26. Qh8# 1-0

[Event "DEM U10/U10w 2009"]
[Site "Willingen GER"]
[Date "2009.06.06"]
[Round "11"]
[White "Schamschurko, André"]
[Black "Nguyen, Anh Van"]
[Result "1-0"]
[Termination "normal"]
[Board "22"]
[WhiteElo "1282"]
[BlackElo "1095"]
[PlyCount "63"]
[WhiteFideId "24695670"]
[BlackFideId "12908223"]
[EventCountry "GER"]
[EventRounds "11"]
[EventType "swiss"]
[EventDate "2009.05.30"]

1. e4 e5 2. Nf3 Nf6 3. Nxe5 d6 4. Nf3 Nxe4 5. d4 Nf6 6. Nc3 Bg4 7. Be2 Be7 8.
Bf4 O-O 9. Qd2 Re8 10. O-O-O c6 11. h3 Bf5 12. g4 Bg6 13. g5 Nh5 14. Be3 a5 15.
Rdg1 b5 16. Nh4 a4 17. f4 h6 18. f5 hxg5 19. fxg6 Nf6 20. gxf7+ Kxf7 21. Nf3 a3
22. Nxg5+ Kg8 23. b3 b4 24. Nce4 Nd5 25. Bc4 Qa5 26. Ne6 Bh4 27. Rxg7+ Kh8 28.
Rhg1 Na6 29. Bxa6 Qxa6 30. Qd1 Nf6 31. Nxf6 Qb5 32. Rh7# 1-0

[Event "DEM U10/U10w 2009"]
[Site "Willingen GER"]
[Date "2009.06.06"]
[Round "11"]
[White "Nobis, Anna"]
[Black "Reuker, Jari"]
[Result "1-0"]
[Termination "normal"]
[Board "23"]
[WhiteElo "1269"]
[BlackElo "1147"]
[PlyCount "67"]
[WhiteFideId "1270302"]
[BlackFideId "12909300"]
[EventCountry "GER"]
[EventRounds "11"]
[EventType "swiss"]
[EventDate "2009.05.30"]

1. e4 d5 2. exd5 Qxd5 3. Nc3 Qd6 4. d4 Nf6 5. Bc4 a6 6. Bb3 b5 7. Qf3 Nc6 8.
Nge2 Bb7 9. Bf4 Qd7 10. O-O e6 11. d5 Na5 12. dxe6 fxe6 13. Qe3 Qc6 14. Qxe6+
Kd8 15. Rad1+ Bd6 16. Bd5 Qe8 17. Qf5 Rf8 18. Bxd6 cxd6 19. Nf4 Qe5 20. Ne6+
Ke7 21. Qxe5 dxe5 22. Nxf8 Bxd5 23. Nxd5+ Kxf8 24. Nb6 Ra7 25. Rd8+ Kf7 26.
Rfd1 Kg6 27. f3 Nc6 28. R8d6 Nb4 29. c3 Nc2 30. R1d2 Ne3 31. Re2 Nc4 32. Nxc4
bxc4 33. Rxe5 Rb7 34. Rd2 1-0

[Event "DEM U10/U10w 2009"]
[Site "Willingen GER"]
[Date "2009.06.06"]
[Round "11"]
[White "Phenn, Jan-Niklas"]
[Black "Teichmann, Felix"]
[Result "0-1"]
[Termination "normal"]
[Board "24"]
[WhiteElo "1172"]
[BlackElo "1211"]
[PlyCount "60"]
[WhiteFideId "12954985"]
[BlackFideId "12927538"]
[EventCountry "GER"]
[EventRounds "11"]
[EventType "swiss"]
[EventDate "2009.05.30"]

1. d4 Nf6 2. c4 e5 3. dxe5 Ng4 4. Bf4 Nc6 5. Nf3 Bb4+ 6. Nc3 Qe7 7. Qd5 Bxc3+
8. bxc3 Qa3 9. Qd2 Qc5 10. e3 Ngxe5 11. Nxe5 Nxe5 12. Bxe5 Qxe5 13. Qd4 d6 14.
Bd3 Be6 15. O-O O-O 16. Rab1 b6 17. Rfd1 Rad8 18. e4 c5 19. Qe3 Qxc3 20. Rdc1
Qe5 21. Ra1 f5 22. f4 Qd4 23. Qxd4 cxd4 24. exf5 Bxf5 25. Bxf5 Rxf5 26. g3 Rc5
27. Kf2 Rdc8 28. Ke2 Rxc4 29. Rxc4 Rxc4 30. Kd3 Ra4 0-1

[Event "DEM U10/U10w 2009"]
[Site "Willingen GER"]
[Date "2009.06.06"]
[Round "11"]
[White "Moses, Selina"]
[Black "Boes, Julian"]
[Result "1-0"]
[Termination "normal"]
[Board "25"]
[WhiteElo "1044"]
[BlackElo "1186"]
[PlyCount "49"]
[WhiteFideId "12908070"]
[BlackFideId "12907723"]
[EventCountry "GER"]
[EventRounds "11"]
[EventType "swiss"]
[EventDate "2009.05.30"]

1. e4 e5 2. Nf3 Nf6 3. d3 Nc6 4. c3 d5 5. Nbd2 Bc5 6. Be2 O-O 7. O-O Bg4 8. Qc2
Re8 9. h3 Bh5 10. Re1 dxe4 11. dxe4 Qe7 12. Nf1 h6 13. Ng3 Bxf3 14. Bxf3 Rad8
15. Nf5 Qe6 16. Qe2 Ne7 17. Bg4 Nxg4 18. Qxg4 Nxf5 19. exf5 Qb6 20. Qg3 Rd6 21.
b4 Bxb4 22. cxb4 Qxb4 23. Ba3 Qb6 24. Bxd6 Qxd6 25. Rad1 1-0

[Event "DEM U10/U10w 2009"]
[Site "Willingen GER"]
[Date "2009.06.06"]
[Round "11"]
[White "Kast, Larissa"]
[Black "Stobbe, Frederik"]
[Result "1/2-1/2"]
[Termination "normal"]
[Board "26"]
[WhiteElo "1011"]
[BlackElo "1185"]
[PlyCount "39"]
[WhiteFideId "24699055"]
[EventCountry "GER"]
[EventRounds "11"]
[EventType "swiss"]
[EventDate "2009.05.30"]

1. d4 Nf6 2. c4 d6 3. Nc3 Nbd7 4. Bd2 g6 5. e3 Bg7 6. Be2 e5 7. Qc2 c6 8. Nf3
Qc7 9. O-O O-O 10. Rac1 Re8 11. Rfe1 e4 12. Ng5 d5 13. cxd5 cxd5 14. Nb5 Qxc2
15. Rxc2 Rb8 16. Nxa7 h6 17. Nh3 Nf8 18. Nb5 Bxh3 19. gxh3 Ne6 20. Rec1 1/2-1/2

[Event "DEM U10/U10w 2009"]
[Site "Willingen GER"]
[Date "2009.06.06"]
[Round "11"]
[White "Mehsin, Yazan"]
[Black "Hümmecke, Sarah"]
[Result "1/2-1/2"]
[Termination "normal"]
[Board "27"]
[WhiteElo "1180"]
[BlackElo "979"]
[PlyCount "77"]
[EventCountry "GER"]
[EventRounds "11"]
[EventType "swiss"]
[EventDate "2009.05.30"]

1. e4 e5 2. f4 exf4 3. Nf3 d6 4. Bc4 h6 5. d4 g5 6. Nc3 Nd7 7. Bd2 Nb6 8. Bb5+
c6 9. Bd3 Bg7 10. d5 Bxc3 11. Bxc3 f6 12. Qe2 cxd5 13. exd5+ Qe7 14. Qxe7+ Nxe7
15. Bxf6 Rg8 16. Bxe7 Kxe7 17. O-O-O Re8 18. Bb5 Bd7 19. Rhe1+ Kd8 20. Rxe8+
Bxe8 21. Bxe8 Kxe8 22. Nd4 Kd7 23. Ne6 Re8 24. b3 Nxd5 25. Nxg5 hxg5 26. Rxd5
g4 27. Rg5 f3 28. gxf3 gxf3 29. Rf5 Re1+ 30. Kb2 Re3 31. h4 Ke6 32. Rf4 Ke5 33.
Rf8 Re4 34. Rxf3 Rxh4 35. Rf7 Rb4 36. Re7+ Kd5 37. Rh7 Kc6 38. a3 Re4 39. Rh5
1/2-1/2

[Event "DEM U10/U10w 2009"]
[Site "Willingen GER"]
[Date "2009.06.06"]
[Round "11"]
[White "von Reppert, Marc"]
[Black "Weis, Olga"]
[Result "1/2-1/2"]
[Termination "normal"]
[Board "28"]
[WhiteElo "1111"]
[BlackElo "1222"]
[PlyCount "82"]
[WhiteFideId "12918130"]
[BlackFideId "1270234"]
[EventCountry "GER"]
[EventRounds "11"]
[EventType "swiss"]
[EventDate "2009.05.30"]

1. d4 d5 2. c4 c6 3. Nc3 Nf6 4. Nf3 e6 5. Bg5 Be7 6. e3 O-O 7. Be2 Nbd7 8. O-O
b6 9. cxd5 Nxd5 10. Bxe7 Nxe7 11. Bd3 Bb7 12. Ng5 Nf6 13. Nce4 Ned5 14. Nxf6+
Nxf6 15. Ne4 c5 16. Nxf6+ Qxf6 17. dxc5 Qxb2 18. cxb6 Qxb6 19. Qb3 Qc6 20. f3
Rab8 21. Be4 Qc7 22. Rac1 Qb6 23. Qxb6 axb6 24. Bxb7 Rxb7 25. Rb1 Ra8 26. Rfc1
g6 27. Rc2 Ra3 28. Rb3 Rxb3 29. axb3 Kg7 30. Kf2 Kf6 31. Rc6 Ke5 32. Ke2 Kd5
33. Rc3 b5 34. b4 f5 35. f4 Kd6 36. Rc5 Ke7 37. Kf3 Kf6 38. g4 fxg4+ 39. Kxg4
h5+ 40. Kh4 Rb6 41. e4 Ke7 1/2-1/2

[Event "DEM U10/U10w 2009"]
[Site "Willingen GER"]
[Date "2009.06.06"]
[Round "11"]
[White "Wallat, Jessica"]
[Black "Hermann, Tobias"]
[Result "1/2-1/2"]
[Termination "normal"]
[Board "29"]
[WhiteElo "1045"]
[BlackElo "1161"]
[PlyCount "116"]
[WhiteFideId "12909637"]
[BlackFideId "12903701"]
[EventCountry "GER"]
[EventRounds "11"]
[EventType "swiss"]
[EventDate "2009.05.30"]

1. e4 c5 2. Nf3 Nc6 3. d4 cxd4 4. Nxd4 Nf6 5. Nc3 e6 6. Nxc6 bxc6 7. Bg5 Bb4 8.
e5 Qa5 9. Bd2 Nd5 10. Ne4 Bxd2+ 11. Qxd2 Qxd2+ 12. Nxd2 O-O 13. Bd3 Rb8 14. Rb1
Nb4 15. a3 Nxd3+ 16. cxd3 Rd8 17. O-O d6 18. Nf3 d5 19. Rfe1 Ba6 20. d4 Bd3 21.
Rbd1 Be4 22. Ng5 Bf5 23. b4 h6 24. Nf3 Ra8 25. Rc1 Rdc8 26. h3 Bd3 27. Re3 Bb5
28. Nd2 a5 29. bxa5 Rxa5 30. Rg3 Ra4 31. Nb1 Rxd4 32. Nc3 Rc4 33. Rb1 Rb8 34.
a4 Kf8 35. axb5 cxb5 36. Nxb5 d4 37. Kh2 Rc5 38. Rgb3 Rxe5 39. Nxd4 Rxb3 40.
Rxb3 Rd5 41. Nc6 g6 42. Rb8+ Kg7 43. Rd8 Rc5 44. Ne7 Rc7 45. Nc8 Kf6 46. Nd6
Ke7 47. Rh8 Kxd6 48. Rxh6 Rc2 49. f3 Rc8 50. Kg3 Ke7 51. Kf4 Kf6 52. g4 Rc4+
53. Kg3 Rc8 54. h4 Kg7 55. g5 Rc5 56. f4 f5 57. h5 gxh5 58. Rxh5 e5 1/2-1/2

[Event "DEM U10/U10w 2009"]
[Site "Willingen GER"]
[Date "2009.06.06"]
[Round "11"]
[White "Lehmann, Erik"]
[Black "Schaefer, Matthes"]
[Result "1/2-1/2"]
[Termination "normal"]
[Board "30"]
[WhiteElo "943"]
[BlackElo "1311"]
[PlyCount "28"]
[BlackFideId "12946117"]
[EventCountry "GER"]
[EventRounds "11"]
[EventType "swiss"]
[EventDate "2009.05.30"]

1. c4 e6 2. Nc3 Nf6 3. d3 d5 4. cxd5 exd5 5. g3 Be7 6. Bg2 O-O 7. Bf4 Nc6 8.
Nf3 Bg4 9. O-O h6 10. Ne5 Nxe5 11. Bxe5 Re8 12. Re1 Bb4 13. d4 c5 14. Rc1 b6
1/2-1/2

[Event "DEM U10/U10w 2009"]
[Site "Willingen GER"]
[Date "2009.06.06"]
[Round "11"]
[White "Graf, Clara Victoria"]
[Black "Dopmann, Sina"]
[Result "0-1"]
[Termination "time forfeit"]
[Board "31"]
[WhiteElo "1255"]
[BlackElo "1035"]
[PlyCount "62"]
[WhiteFideId "1270339"]
[EventCountry "GER"]
[EventRounds "11"]
[EventType "swiss"]
[EventDate "2009.05.30"]

1. e4 e5 2. Nf3 d6 3. d4 Nd7 4. Bc4 c6 5. Nc3 Be7 6. dxe5 dxe5 7. Ng5 Bxg5 8.
Qh5 Qe7 9. Bxg5 Ngf6 10. Qe2 O-O 11. O-O-O a5 12. a3 b5 13. Bd3 b4 14. Nb1 Bb7
15. h4 Nb6 16. Bc4 a4 17. Bxf6 gxf6 18. Qg4+ Kh8 19. Ba2 Qc5 20. axb4 Qxb4 21.
Qf5 Qe7 22. g4 Bc8 23. Qf3 Be6 24. Nc3 Bxa2 25. Nxa2 a3 26. Qb3 axb2+ 27. Kxb2
Rfb8 28. Kc1 Na4 29. Qh3 Qb7 30. Qb3 Qxb3 31. cxb3 Rxb3 0-1

[Event "DEM U10/U10w 2009"]
[Site "Willingen GER"]
[Date "2009.06.06"]
[Round "11"]
[White "Balzer, Alexander"]
[Black "Lohmüller, Gedeon"]
[Result "1-0"]
[Termination "normal"]
[Board "32"]
[WhiteElo "1229"]
[BlackElo "1015"]
[PlyCount "57"]
[WhiteFideId "34609822"]
[EventCountry "GER"]
[EventRounds "11"]
[EventType "swiss"]
[EventDate "2009.05.30"]

1. e4 e5 2. Nf3 Nc6 3. d4 exd4 4. Nxd4 Bc5 5. Be3 Nxd4 6. Bxd4 d6 7. Bxg7 Qh4
8. Qf3 Bg4 9. Qf4 Ne7 10. Bc4 Qh5 11. Bxh8 O-O-O 12. h3 Be6 13. Bxe6+ fxe6 14.
Bf6 Rf8 15. O-O Ng8 16. Qg4 Qxg4 17. hxg4 Nxf6 18. Nc3 Nxg4 19. Nd1 h5 20. Ne3
Nxe3 21. fxe3 Bxe3+ 22. Kh1 Rh8 23. Rf3 Bd4 24. c3 Bb6 25. Raf1 Kd7 26. Rf8 Rh6
27. b4 h4 28. b5 h3 29. R1f7# 1-0

[Event "DEM U10/U10w 2009"]
[Site "Willingen GER"]
[Date "2009.06.06"]
[Round "11"]
[White "Sadewasser, Lucie"]
[Black "Schulte, Felix"]
[Result "0-1"]
[Termination "normal"]
[Board "33"]
[WhiteElo "989"]
[BlackElo "1179"]
[PlyCount "78"]
[WhiteFideId "12905445"]
[BlackFideId "12914800"]
[EventCountry "GER"]
[EventRounds "11"]
[EventType "swiss"]
[EventDate "2009.05.30"]

1. e4 c6 2. d4 d5 3. Nc3 e6 4. Nf3 Bb4 5. Bd2 Nf6 6. Bd3 Bxc3 7. Bxc3 dxe4 8.
Be2 exf3 9. Bxf3 O-O 10. O-O Na6 11. Qd2 Nd5 12. Rfe1 Nxc3 13. Qxc3 Nc7 14.
Rad1 Nd5 15. Bxd5 exd5 16. Qe3 Bf5 17. c3 Re8 18. Qxe8+ Qxe8 19. Rxe8+ Rxe8 20.
Kf1 g6 21. Re1 Rxe1+ 22. Kxe1 b6 23. b4 Kf8 24. a4 Bc2 25. a5 bxa5 26. bxa5 Ke7
27. Kd2 Be4 28. g3 Kd7 29. Kc1 Kc7 30. Kb2 Kb7 31. Kb3 Ka6 32. Kb4 Bf3 33. h4
h5 34. Kc5 Kxa5 35. Kxc6 Ka4 36. Kc5 Kb3 37. Kb5 Be2+ 38. Kc5 Bc4 39. Kc6 a5
0-1

[Event "DEM U10/U10w 2009"]
[Site "Willingen GER"]
[Date "2009.06.06"]
[Round "11"]
[White "Richardt, Angelina"]
[Black "Lederer, Leia"]
[Result "1-0"]
[Termination "normal"]
[Board "35"]
[WhiteElo "1094"]
[BlackElo "944"]
[PlyCount "105"]
[WhiteFideId "12938149"]
[BlackFideId "12926353"]
[EventCountry "GER"]
[EventRounds "11"]
[EventType "swiss"]
[EventDate "2009.05.30"]

1. e4 e5 2. Nf3 Nc6 3. Bc4 Nd4 4. Nxd4 exd4 5. d3 Nf6 6. c3 c5 7. O-O d5 8.
exd5 Nxd5 9. Re1+ Be7 10. Bg5 O-O 11. Bxe7 Nxe7 12. Nd2 Ng6 13. Qf3 Nh4 14. Qg3
Nf5 15. Qf3 Qg5 16. Ne4 Qg6 17. Re2 Nh4 18. Qg3 Bg4 19. f3 Nxf3+ 20. gxf3 Bxf3
21. Qxg6 hxg6 22. Rf2 Bxe4 23. dxe4 Kh7 24. Bxf7 d3 25. Rf3 Kh6 26. Rh3+ Kg5
27. Bd5 Rad8 28. Rxd3 Rf4 29. Rf1 c4 30. Bxc4 Rg4+ 31. Kh1 Rh8 32. Rg1 Kf4 33.
Rxg4+ Kxg4 34. e5 Re8 35. e6 a6 36. Re3 Kf4 37. Re1 b5 38. Bd5 g5 39. e7 g4 40.
Bc6 Rh8 41. e8=Q Rxe8 42. Rxe8 g5 43. Rf8+ Ke5 44. Bd7 g3 45. hxg3 Kd6 46. Bg4
Ke7 47. Rf1 Kd6 48. Rf5 Kc6 49. Rxg5 Kb6 50. Re5 Ka5 51. Be2 Ka4 52. g4 a5 53.
Bxb5# 1-0

[Event "DEM U10/U10w 2009"]
[Site "Willingen GER"]
[Date "2009.06.06"]
[Round "11"]
[White "Walker, Julia"]
[Black "Pohl, Jannik"]
[Result "0-1"]
[Termination "normal"]
[Board "36"]
[WhiteElo "1066"]
[BlackElo "883"]
[PlyCount "75"]
[WhiteFideId "1271852"]
[EventCountry "GER"]
[EventRounds "11"]
[EventType "swiss"]
[EventDate "2009.05.30"]

1. e4 e5 2. Nf3 Nc6 3. Bc4 Bc5 4. Nc3 Nf6 5. d3 h6 6. Be3 Bxe3 7. fxe3 d6 8.
O-O O-O 9. Qd2 Be6 10. Nd5 Bxd5 11. Bxd5 Re8 12. h3 Qd7 13. c4 Rad8 14. b4 a6
15. a4 Rc8 16. b5 axb5 17. cxb5 Ne7 18. Bc4 d5 19. exd5 Nexd5 20. e4 Ne7 21.
Nxe5 Qd4+ 22. Qf2 Qxe5 23. a5 Ra8 24. a6 Red8 25. a7 b6 26. Qa2 Rf8 27. Qf2 Nc8
28. Ra3 Rxa7 29. Rxa7 Nxa7 30. Rb1 Nc8 31. Ra1 Qxa1+ 32. Kh2 Nd6 33. Bb3 Nxb5
34. Bc4 Qe5+ 35. Kg1 Nd4 36. Ba2 c5 37. Bc4 b5 38. Ba2 0-1

[Event "DEM U10/U10w 2009"]
[Site "Willingen GER"]
[Date "2009.06.06"]
[Round "11"]
[White "Hutton, Jim"]
[Black "Wächter, Nathalie"]
[Result "0-1"]
[Termination "normal"]
[Board "39"]
[WhiteElo "1167"]
[BlackElo "804"]
[PlyCount "94"]
[BlackFideId "12921033"]
[EventCountry "GER"]
[EventRounds "11"]
[EventType "swiss"]
[EventDate "2009.05.30"]

1. e4 e5 2. Nf3 Nc6 3. Bb5 a6 4. Ba4 Nf6 5. O-O Be7 6. Re1 b5 7. Bb3 O-O 8. c3
d5 9. exd5 Nxd5 10. Bxd5 Qxd5 11. b3 e4 12. Nd4 Nxd4 13. cxd4 Qxd4 14. Nc3 b4
15. Rxe4 Qd6 16. Na4 Bb7 17. Re1 Qc6 18. Qf3 Qxf3 19. gxf3 Bf6 20. Bb2 Bxb2 21.
Nxb2 Bxf3 22. Nd3 Bb7 23. Nxb4 a5 24. Nc2 f5 25. f4 Be4 26. Rac1 a4 27. b4 a3
28. Kf2 Bd5 29. Ra1 Be4 30. Nd4 Rad8 31. Ne6 Rxd2+ 32. Ke3 Rd3+ 33. Ke2 Rc8 34.
Rec1 c6 35. Nc5 Rh3 36. Nxe4 fxe4 37. Rh1 e3 38. Rac1 Rd8 39. Rxc6 Rd2+ 40. Ke1
Rxa2 41. Rc1 Raxh2 42. Rxh2 Rxh2 43. Ra1 Rh1+ 44. Ke2 Rxa1 45. Kxe3 Rb1 46. b5
a2 47. b6 Rxb6 0-1

[Event "DEM U10/U10w 2009"]
[Site "Willingen GER"]
[Date "2009.06.06"]
[Round "11"]
[White "Schmitt, Marco"]
[Black "Simon, Tessa"]
[Result "0-1"]
[Termination "normal"]
[Board "40"]
[WhiteElo "993"]
[BlackElo "1032"]
[PlyCount "128"]
[BlackFideId "12929395"]
[EventCountry "GER"]
[EventRounds "11"]
[EventType "swiss"]
[EventDate "2009.05.30"]

1. e4 e5 2. Nf3 Nc6 3. Bc4 Bc5 4. c3 Nf6 5. d3 O-O 6. O-O d5 7. exd5 Nxd5 8. d4
exd4 9. cxd4 Bb6 10. Re1 Bg4 11. h3 Bh5 12. b3 Nde7 13. d5 Nd4 14. Ba3 Re8 15.
Nbd2 c5 16. g4 Bg6 17. b4 cxb4 18. Bxb4 Nc2 19. Bxe7 Rxe7 20. Rxe7 Qxe7 21. Rc1
Na3 22. h4 Nxc4 23. Nxc4 h5 24. Nxb6 axb6 25. d6 Qd8 26. g5 Bf5 27. Qd5 Be6 28.
Qxb7 Rxa2 29. Qc7 Ra8 30. Qxd8+ Rxd8 31. Rc6 Bd5 32. Rc3 Rxd6 33. Rc8+ Kh7 34.
Ne5 b5 35. Rb8 f6 36. gxf6 gxf6 37. Nd3 Bc4 38. Nc5 Kg6 39. Ne4 Rd1+ 40. Kh2
Kf5 41. Nc3 Rd2 42. Nxb5 Rxf2+ 43. Kg3 Rd2 44. Nc3 Rd3+ 45. Kf2 Rxc3 46. Rc8
Kg4 47. Rc6 Rf3+ 48. Ke1 Bd3 49. Kd2 f5 50. Rg6+ Kf4 51. Rg5 Ke4 52. Rxh5 Kd4
53. Rg5 Rf2+ 54. Ke1 Rh2 55. h5 f4 56. Rg4 Rxh5 57. Rxf4+ Ke3 58. Rf1 Bxf1 59.
Kxf1 Rh2 60. Kg1 Rd2 61. Kf1 Rb2 62. Kg1 Kf3 63. Kh1 Kg3 64. Kg1 Rb1# 0-1

[Event "DEM U10/U10w 2009"]
[Site "Willingen GER"]
[Date "2009.06.06"]
[Round "11"]
[White "Reyher, Susan"]
[Black "Reimers, Kim"]
[Result "0-1"]
[Termination "normal"]
[Board "41"]
[WhiteElo "1004"]
[BlackElo "901"]
[PlyCount "80"]
[WhiteFideId "24686107"]
[BlackFideId "12930377"]
[EventCountry "GER"]
[EventRounds "11"]
[EventType "swiss"]
[EventDate "2009.05.30"]

1. e4 c6 2. Nf3 d5 3. e5 Bf5 4. d4 e6 5. Bf4 Nd7 6. Nc3 c5 7. Be2 c4 8. Qd2 Bb4
9. O-O Ne7 10. a3 Ba5 11. b4 Bc7 12. Nb5 O-O 13. Bg5 Re8 14. Nd6 Rf8 15. Nxb7
Qb8 16. Nc5 Qd8 17. Na6 Bb6 18. a4 Re8 19. a5 Bc7 20. Nc5 h6 21. Nb7 Qb8 22.
Nd6 Bxd6 23. exd6 Qxd6 24. Bf4 Qc6 25. Ne5 Nxe5 26. Bxe5 f6 27. Bg3 g5 28. Bh5
Ng6 29. b5 Qxb5 30. Rab1 Qc6 31. Be2 e5 32. dxe5 Nxe5 33. Rfd1 Rac8 34. Bh5 Re6
35. f4 Ng6 36. Rf1 Rce8 37. Bxg6 Bxg6 38. f5 Re2 39. Qc3 d4 40. Qxd4 Qxg2# 0-1

[Event "DEM U10/U10w 2009"]
[Site "Willingen GER"]
[Date "2009.06.06"]
[Round "11"]
[White "Kim, Yu-Mi"]
[Black "Michalowski, Sophia"]
[Result "1-0"]
[Termination "normal"]
[Board "42"]
[WhiteElo "824"]
[BlackElo "951"]
[PlyCount "103"]
[WhiteFideId "12955361"]
[BlackFideId "12902454"]
[EventCountry "GER"]
[EventRounds "11"]
[EventType "swiss"]
[EventDate "2009.05.30"]

1. e4 c6 2. Nc3 d5 3. Nf3 dxe4 4. Nxe4 Bf5 5. Ng3 Bg6 6. h4 h5 7. Ne5 Qd6 8.
Nxg6 Qxg6 9. Bd3 Qe6+ 10. Qe2 Qxe2+ 11. Bxe2 Nf6 12. d4 e6 13. Bg5 Nbd7 14.
O-O-O Bd6 15. Rh3 Ng4 16. Rf1 O-O 17. Nxh5 Rad8 18. Bxd8 Rxd8 19. Bxg4 Bc7 20.
Bf3 Nb6 21. Rd1 g6 22. Nf6+ Kg7 23. Ng4 Bf4+ 24. Kb1 Nd5 25. Bxd5 Rxd5 26. g3
Bh6 27. Nxh6 Kxh6 28. g4 e5 29. h5 g5 30. Rhd3 e4 31. Re3 c5 32. Rxe4 f6 33. c3
b6 34. Kc2 c4 35. Re6 Kg7 36. Re7+ Kh6 37. Rxa7 f5 38. f3 f4 39. Re1 Rd6 40. b3
cxb3+ 41. axb3 b5 42. Rb7 b4 43. Rxb4 Rc6 44. Rc4 Rb6 45. d5 Rd6 46. Re6+ Rxe6
47. dxe6 Kg7 48. Re4 Kf8 49. e7+ Ke8 50. c4 Kf7 51. e8=Q+ Kf6 52. Qf8# 1-0